عرض عادي عرض مارك
  • الثورة العراقية، 1968

دخول Topical Term

عدد التسجيلات المستخدمة: 1

001 - CONTROL NUMBER

  • control field: 25766

003 - CONTROL NUMBER IDENTIFIER

  • control field: AE-AdECS

005 - DATE AND TIME OF LATEST TRANSACTION

  • control field: 20260126144957.0

008 - FIXED-LENGTH DATA ELEMENTS

  • fixed length control field: 260126|| aca||aabn | a|a d

040 ## - CATALOGING SOURCE

  • Original cataloging agency: AE-AdECS
  • Transcribing agency: AE-AdECS

150 ## - HEADING--TOPICAL TERM

  • Topical term or geographic name entry element: الثورة العراقية، 1968

670 ## - SOURCE DATA FOUND

  • Source citation: Work cat.: (AE-AdECS)294002: الزهيري، زينب عبد الحسن مؤلف. 25765, عبد الرحمن عارف ودوره السياسي في العراق 1966-1968 /

أبوظبي، الإمارات العربية المتحدة

reference@ecssr.ae

97124044780 +

حقوق النشر © 2026 مركز الإمارات للدراسات والبحوث الاستراتيجية جميع الحقوق محفوظة